| 000 | 01043cam a2200301 a 4500 | ||
|---|---|---|---|
| 001 | 17032302 | ||
| 005 | 20171215042140.0 | ||
| 008 | 111103s2013 njuab b 001 0 eng | ||
| 010 | _a 2011045709 | ||
| 020 | _a9780132739818 (hbk.) | ||
| 020 | _a013273981X (hbk.) | ||
| 020 | _a9780132740005 (loose leaf) | ||
| 020 | _a0132740001 (loose leaf) | ||
| 035 | _a(OCoLC)ocn759696024 | ||
| 040 |
_aDLC _beng _cDLC _dYDX _dYDXCP _dBWX _dDLC |
||
| 041 | _aeng | ||
| 042 | _apcc | ||
| 043 | _an-us--- | ||
| 080 | _a364.973 FRA | ||
| 082 | 0 | 0 |
_a364.973 FRA _223 |
| 100 | 1 | _a13 | |
| 101 | _aLAW | ||
| 245 | 1 | 0 |
_aCriminal justice today : _cFrank Schmalleger. |
| 504 | _aIncludes bibliographical references and indexes. | ||
| 906 |
_a0 _bvip _corignew _d1 _eecip _f20 _gy-gencatlg |
||
| 942 |
_2ddc _cBK |
||
| 999 |
_c38978 _d38978 |
||